'I' Entertainment Images Quiz Stats

 Plays Quiz Updated Apr 20, 2018

Challenge
Share
Tweet
Score 0/25 Timer 04:00
0 Plays Today
% Correct
Irwin (Steve Irwin)
80.5%
Inspector Gadget (Inspector Gadget)
79.2%
Independence Day
76.1%
Itchy (The Simpsons)
72%
Inception
71.6%
Ice Cube
69.6%
Inglourious Basterds
61.1%
I Know What You Did Last Summer
57.3%
Iggy Pop
56.8%
Irons (Jeremy Irons)
46.6%
Insane Clown Posse
46%
I, Robot
45.2%
If You Give a Mouse a Cookie
43.7%
% Correct
Into the Wild
41.7%
Idle (Eric Idle)
39.6%
Izzard (Eddie Izzard)
38.4%
Izzie Stevens (Grey's Anatomy)
36.5%
The Incredible Journey
29.3%
Indigo Girls
28.2%
Insurgent
27.3%
Invisible Man
26.9%
Iris West (The Flash)
21.3%
Isaac Mendez (Heroes)
8.8%
Innes (Laura Innes)
7.6%
Imagine Dragons
6.7%

You're not logged in!

Compare scores with friends on all Sporcle quizzes.
OR
Log In

You Might Also Like...

Show Comments

Extras

Top Quizzes Today


Score Distribution

Your Account Isn't Verified!

In order to create a playlist on Sporcle, you need to verify the email address you used during registration. Go to your Sporcle Settings to finish the process.

Report this User

Report this user for behavior that violates our Community Guidelines.

Details: